| 000 | 00969cam a22002174a 4500 | ||
|---|---|---|---|
| 005 | 20250605164251.0 | ||
| 008 | 250528s ||||||||||||||||||||||||d | ||
| 035 | _a21739 | ||
| 020 | _a9789602099049 | ||
| 040 |
_aGR-AtMCL _bgre _dGR-AtMCL _eAACR2 |
||
| 245 | 1 | _aΑΝΤΙΚΕΙΜΕΝΟΣΤΡΑΦΗΣ ΠΡΟΓΡΑΜΜΑΤΙΣΜΟΣ ΜΕ ΤΗ C++ | |
| 250 | _a4 | ||
| 260 |
_bΚριτική, _c2002 |
||
| 300 | _a1040 | ||
| 505 | 0 | _aΗ ΓΕΝΙΚΗ ΕΙΚΟΝΑ ΒΑΣΙΚΕΣ ΑΡΧΕΣ ΠΡΟΓΡΑΜΜΑΤΙΣΜΟΥ ΣΕ C++ ΒΡΟΧΟΙ ΚΑΙ ΑΠΟΦΑΣΕΙΣ ΔΟΜΕΣ ΣΥΝΑΡΤΗΣΕΙΣ ΑΝΤΙΚΕΙΜΕΝΑ ΚΑΙ ΚΛΑΣΕΙΣ | |
| 520 | _aΗ ΓΕΝΙΚΗ ΕΙΚΟΝΑ ΒΑΣΙΚΕΣ ΑΡΧΕΣ ΠΡΟΓΡΑΜΜΑΤΙΣΜΟΥ ΣΕ C++ ΒΡΟΧΟΙ ΚΑΙ ΑΠΟΦΑΣΕΙΣ ΔΟΜΕΣ ΣΥΝΑΡΤΗΣΕΙΣ ΑΝΤΙΚΕΙΜΕΝΑ ΚΑΙ ΚΛΑΣΕΙΣ | ||
| 700 | 1 |
_aLafore Robert _97668 |
|
| 942 | _cBK | ||
| 999 |
_c6798 _d6798 |
||